| 000 | 00389 a2200145 4500 | ||
|---|---|---|---|
| 003 | OSt | ||
| 005 | 20240116140009.0 | ||
| 008 | 240116b |||||||| |||| 00| 0 eng d | ||
| 040 | _coclc | ||
| 082 |
_a297 _bAHM/A |
||
| 245 |
_aAl-thavassul / _cK P Muhammed bin Ahmed |
||
| 260 |
_aKerala: _bKNM, _c2012. |
||
| 300 | _a97p | ||
| 942 |
_2ddc _cBK _h297 _iAHM/A _k297 _mAHM/A |
||
| 999 |
_c43203 _d43203 |
||